000 01118nam a22003257a 4500
001 BR8005248
003 BR-BrBNA
005 20230928090715.0
007 ta
008 230509b bl.||||| |||| 00| 0 por d
040 _aBR-BrBNA
_bpor
_cBiblioteca Nacional de Agricultura
041 _a(Por)
072 _aH10; L30
_b4020
_b1950
_b0120
_b0180
090 _ 4020 BR8005248
100 1 _aPadial, I. de F.A.
110 1 _aUniversidade Federal do Parana, Curitiba (Brasil)
_0Tese (Mestrado)
245 1 _aEstudo do efeito do alimento e da temperatura sobre Pseudaletia sequax Franclemont, 1951 (Lepidoptera: Noctuidae)[capim quicuio, milho, trigo, dieta]
260 3 _aCuritiba, PR (Brasil):
_c1980.
300 _a62 p.
500 _a16 tables; Summaries (Eng, Por); 30 ref. (*) Documento disponível na(o) Fundacao Universidade Estadual de Maringa, PR (Brazil). Biblioteca Central
650 _aLEPIDOPTERO
650 _aBIOLOGIA
650 _aDIETA
650 _aCAPIM QUICUIO
650 _aMILHO
650 _aTRIGO
650 _aTEMPERATURA
909 _a202309
_bLucia
_c55
_dLucia Elande
942 _cBK
999 _c30134
_d30134